Conveyor belts- Fire resistant conveyor belting for underground mines and such other hazardous applications-Specifications (Second Revision) (Record no. 73640)

MARC details
000 -LEADER
fixed length control field 00449nam a2200121Ia 4500
245 #0 - TITLE STATEMENT
Title Conveyor belts- Fire resistant conveyor belting for underground mines and such other hazardous applications-Specifications (Second Revision)
260 ## - PUBLICATION, DISTRIBUTION, ETC. (IMPRINT)
Year of publication 1992
500 ## - GENERAL NOTE
General note Standard number: IS 3181
650 ## - SUBJECT ADDED ENTRY--TOPICAL TERM
Topical Term Fire resistant Conveyor belt
650 ## - SUBJECT ADDED ENTRY--TOPICAL TERM
Topical Term Underground mines: Hazardous applications
942 ## - ADDED ENTRY ELEMENTS (KOHA)
Koha item type Standards
Holdings
Withdrawn status Lost status Damaged status Not for loan Collection code Home library Current library Date acquired Koha item type
      Standards Indian standards RRII Library RRII Library 31/12/2021 Standards